000 01197nam a22003737a 4500
001 0072785
003 KOHA_MİRAKIL
005 20260207005109.0
007 ta
008 241231b2023 tu |||gr||||#0|||0|tur |
020 _a9786254172328
040 _aTR-BiSEU
_btur
_cTR-BiSEU
_erda
041 0 _atur
044 _ctu
050 _aKKX1469
_b.S67 2023
245 0 _aSosyal hizmet mevzuatı/
_ceditör Mehmet Başcıllar.
250 _a3. Basım
264 1 _aŞaşmaz, Ankara :
_bNobel Akademik
_c2023
300 _a372 sayfa ;
_c24 cm.
336 _ametin
_btxt
_2rdacontent
337 _aaracısız
_bn
_2rdamedia
338 _acilt
_bnc
_2rdacarrier
490 1 _aNobel Akademik Yayıncılık ;
_v3817.
490 1 _aBeşeri bilimler/hukuk ;
_v159
500 _aKaynakça bölüm sonlarındadır.
650 0 _aSosyal hizmet--Türkiye.
_9145577
650 0 _aSocial service--Turkey.
_967854
650 0 _aSosyal hizmet--Hukuk ve mevzuat--Türkiye.
_9145578
650 0 _aSocial service--Law and legislation--Turkey.
_9145579
830 1 _aNobel Akademik Yayıncılık ;
_v3817.
_996064
830 1 _aBeşeri bilimler/hukuk ;
_v159
_9145580
907 _aHukuk
942 _2lcc
_cBK
999 _c73540
_d73540